000 00304nam a2200109Ia 4500
008 180205s9999 xx 000 0 und d
020 _a9712331253
100 _aBascara, Linda R.
245 _aWriting for a corporate world /
260 _aRecto Avenue City
_bREX book store
_c2001
300 _av, 183 pages
999 _c354807
_d354807